| 000 | 00839nam a22002657a 4500 | ||
|---|---|---|---|
| 001 | 8860 | ||
| 003 | FISKH | ||
| 005 | 20251023140525.0 | ||
| 008 | 251023b cb ||||| |||| 00| 0 eng d | ||
| 020 | _a9789833486397 | ||
| 040 |
_aFISKH _beng _cFISKH _dFISKH |
||
| 050 | _aPZ7 | ||
| 082 | _a853.8 | ||
| 100 |
_aAnonymous _eAuthor |
||
| 245 | _aPinocchio / | ||
| 260 |
_aMalaysia : _bFuture Ace , _c2005 |
||
| 300 |
_a16 pages : _bcolor illustrations ; _c26 cm |
||
| 505 | _aJ | ||
| 520 | _aGeppetto was an old toy maker. One night, he sat carving a puppet from a block of wood. As he finished painting the mouth, the puppet suddenly came alive and was called "Pinocchio". | ||
| 521 | 8 |
_a450
_bLexile estimate |
|
| 521 | 8 |
_aJ
_bRaz-Plus |
|
| 650 |
_aFairy tale delights _vPinocchio |
||
| 942 |
_2ddc _cBK _n0 |
||
| 999 |
_c8860 _d8860 |
||